000 00238nam a22001097a 4500
003 OSt
008 231116b |||||||| |||| 00| 0 eng d
041 _aeng
100 _aSait, M.A.
_95721
245 _aPractical study of KSR /
942 _cBK
999 _c18038
_d18038